La tercera mujer : (Record no. 38840)
[ view plain ]
| 000 -LEADER | |
|---|---|
| fixed length control field | 00824nam a22002297a 4500 |
| 005 - DATE AND TIME OF LATEST TRANSACTION | |
| control field | 20150814122453.0 |
| 008 - FIXED-LENGTH DATA ELEMENTS--GENERAL INFORMATION | |
| fixed length control field | 130702t sp||||| |||| 00| 0 spa d |
| 020 ## - INTERNATIONAL STANDARD BOOK NUMBER | |
| International Standard Book Number | 9788433905734 |
| 050 04 - LIBRARY OF CONGRESS CALL NUMBER | |
| Classification number | HQ1154 |
| Item number | L57 2007 |
| 100 1# - MAIN ENTRY--PERSONAL NAME | |
| Personal name | Lipovetsky, Gilles, |
| Dates associated with a name | 1944- |
| 245 13 - TITLE STATEMENT | |
| Title | La tercera mujer : |
| Remainder of title | permanencia y revolucion de lo femenino / |
| Statement of responsibility, etc | Gilles Lipovetsky ; Traducción de Rosa Alapont |
| 250 ## - EDITION STATEMENT | |
| Edition statement | 6a ed. |
| 260 ## - PUBLICATION, DISTRIBUTION, ETC. (IMPRINT) | |
| Place of publication, distribution, etc | Barcelona : |
| Name of publisher, distributor, etc | Anagrama, |
| Date of publication, distribution, etc | 2007 |
| 300 ## - PHYSICAL DESCRIPTION | |
| Extent | 297 p. ; |
| Dimensions | 23 cm. |
| 440 #0 - SERIES STATEMENT/ADDED ENTRY--TITLE | |
| Title | Colección : Argumentos ; |
| Volume number/sequential designation | 223 |
| 500 ## - GENERAL NOTE | |
| General note | Traducciòn de : La troisieme femme. Permanence et revolution du feminin |
| 504 ## - BIBLIOGRAPHY, ETC. NOTE | |
| Bibliography, etc | Incluye referencias bibliograficas e indice |
| 650 #4 - SUBJECT ADDED ENTRY--TOPICAL TERM | |
| Topical term or geographic name as entry element | Feminismo |
| General subdivision | Historia |
| Chronological subdivision | Siglo XX |
| 650 #4 - SUBJECT ADDED ENTRY--TOPICAL TERM | |
| Topical term or geographic name as entry element | Mujeres |
| General subdivision | Historia |
| Chronological subdivision | Siglo XX |
| 700 1# - ADDED ENTRY--PERSONAL NAME | |
| Personal name | Alapont, Rosa, |
| Fuller form of name | tr. |
| 942 ## - ADDED ENTRY ELEMENTS (KOHA) | |
| Source of classification or shelving scheme | Biblioteca del Cogreso de los Estados Unidos |
| Koha item type | Libro |
| Estado de pérdida | Fuente de clasificación | Estado del daño | No para préstamo | Ubicación permanente | Ubicación actual | Apartado o colección | Fecha de adquisición | Edición | Enumeración de Serie / Cronológica | Área del conocimiento | Clasificación | Código de Barras | Date last seen | Número de copia | Tipo de recurso | Nota pública | Fuente de adquisición | Dependencia de educación superior (DES) | Total Checkouts | Date checked out |
|---|---|---|---|---|---|---|---|---|---|---|---|---|---|---|---|---|---|---|---|---|
| Biblioteca del Cogreso de los Estados Unidos | Biblioteca de la Facultad de Letras | Biblioteca de la Facultad de Letras | General | 02/07/2013 | 6a ed. | LLH000002604 | Educación y Humanidades | HQ1154 L57 2007 | LLH000002604 | 02/07/2013 | C:1 | Libro | General | |||||||
| Biblioteca del Cogreso de los Estados Unidos | Biblioteca de la Facultad de Letras | Biblioteca de la Facultad de Letras | General | 14/08/2015 | 6a ed. | LLH000006728 | Educación y Humanidades | HQ1154 L57 2007 | LLH000006728 | 14/08/2015 | C:2 | Libro | General | |||||||
| Biblioteca del Cogreso de los Estados Unidos | Biblioteca de la Facultad de Psicología | Biblioteca de la Facultad de Psicología | General | 23/09/2013 | BFP000004352 | HQ1154 L57 2007 | BFP000004352 | 16/05/2018 | 1 | Libro | 4 | 14/05/2018 | ||||||||
| Biblioteca del Cogreso de los Estados Unidos | Biblioteca de la Facultad de Psicología | Biblioteca de la Facultad de Psicología | General | 23/09/2013 | BFP000004351 | HQ1154 L57 2007 | BFP000004351 | 11/07/2018 | 2 | Libro | 2 | 09/07/2018 |